000 00205nam a22000857a 4500
008 161122b xxu||||| |||| 00| 0 eng d
100 _91336
_aKidz
245 _aAnimal Stories
260 _aNew Delhi
_bOm Kidz
_c2012
999 _c4047
_d4047